<?xml version="1.0" encoding="UTF-8"?><?xml-stylesheet type="text/xsl" href="static/style.xsl"?><OAI-PMH xmlns="http://www.openarchives.org/OAI/2.0/" xmlns:xsi="http://www.w3.org/2001/XMLSchema-instance" xsi:schemaLocation="http://www.openarchives.org/OAI/2.0/ http://www.openarchives.org/OAI/2.0/OAI-PMH.xsd"><responseDate>2026-04-14T08:40:52Z</responseDate><request verb="GetRecord" identifier="oai:www.recercat.cat:2445/58639" metadataPrefix="marc">https://recercat.cat/oai/request</request><GetRecord><record><header><identifier>oai:recercat.cat:2445/58639</identifier><datestamp>2025-12-04T22:32:39Z</datestamp><setSpec>com_2072_1057</setSpec><setSpec>col_2072_478917</setSpec><setSpec>col_2072_478931</setSpec></header><metadata><record xmlns="http://www.loc.gov/MARC21/slim" xmlns:dcterms="http://purl.org/dc/terms/" xmlns:xsi="http://www.w3.org/2001/XMLSchema-instance" xmlns:doc="http://www.lyncode.com/xoai" xsi:schemaLocation="http://www.loc.gov/MARC21/slim http://www.loc.gov/standards/marcxml/schema/MARC21slim.xsd">
   <leader>00925njm 22002777a 4500</leader>
   <datafield ind2=" " ind1=" " tag="042">
      <subfield code="a">dc</subfield>
   </datafield>
   <datafield ind2=" " ind1=" " tag="720">
      <subfield code="a">Liutsko, Liudmila</subfield>
      <subfield code="e">author</subfield>
   </datafield>
   <datafield ind2=" " ind1=" " tag="720">
      <subfield code="a">Tous Ral, José María</subfield>
      <subfield code="e">author</subfield>
   </datafield>
   <datafield ind2=" " ind1=" " tag="720">
      <subfield code="a">Gutiérrez Maldonado, José</subfield>
      <subfield code="e">author</subfield>
   </datafield>
   <datafield ind2=" " ind1=" " tag="260">
      <subfield code="c">2014-10-15T11:34:39Z</subfield>
   </datafield>
   <datafield ind2=" " ind1=" " tag="260">
      <subfield code="c">2014-10-15T11:34:39Z</subfield>
   </datafield>
   <datafield ind2=" " ind1=" " tag="260">
      <subfield code="c">2014-09</subfield>
   </datafield>
   <datafield ind2=" " ind1=" " tag="520">
      <subfield code="a">Podeu consultar el document complet a: http://hdl.handle.net/2445/58585</subfield>
   </datafield>
   <datafield ind2=" " ind1=" " tag="520">
      <subfield code="a">La propiocepción juega un papel crucial tanto en la expresión como en la percepción&#xd;
de las emociones. Estado emocional propioceptivo se manifiesta en la postura, los gestos,&#xd;
las expresiones faciales y el tono de voz siendo fuente de información objetiva del estado de&#xd;
ánimo personal. Si le preguntamos a la persona: "¿Cómo se siente?" y le responden: " Bien,&#xd;
gracias ", pero captamos tristeza en su voz y observamos los hombros caídos, creemos más en&#xd;
las claves propioceptivas que nos proporciona esta información que las palabras. Por esta razón,&#xd;
se presta más atención a la conducta no verbal durante la comunicación con otras personas&#xd;
para entender el estado real del estado de ánimo. Las emociones pueden expresarse&#xd;
también por los movimientos corporales en los artistas profesionales, bailarines y cantantes&#xd;
que sería imposible sin la propiocepción. Nuestros sentimientos hacía las personas estimadas&#xd;
se trasmiten por la disposición motora que está a la base del afecto y es más importante que&#xd;
las palabras pronunciadas. Por otra parte, la propiocepción es un instrumento importante en la&#xd;
adquisición de nuevos hábitos, habilidades y experiencia profesional como el conocimiento&#xd;
“incorporado”. Siendo la base de las diferencias individuales y la personalidad, constituyendo a&#xd;
la formación y los cambios de carácter, debidos a la repetición múltiple de nuevos (constructivos)&#xd;
hábitos con el fin de sustituir los antiguos (destructivos). La relación entre emociones y el&#xd;
equilibrio corporal referente a la salud fue descrita por investigadores recientes y clásicos con un interés del tratamiento de la persona como una unidad.</subfield>
   </datafield>
   <datafield tag="653" ind2=" " ind1=" ">
      <subfield code="a">Educació emocional</subfield>
   </datafield>
   <datafield tag="653" ind2=" " ind1=" ">
      <subfield code="a">Psicologia positiva</subfield>
   </datafield>
   <datafield tag="653" ind2=" " ind1=" ">
      <subfield code="a">Congressos</subfield>
   </datafield>
   <datafield tag="653" ind2=" " ind1=" ">
      <subfield code="a">Emotional education</subfield>
   </datafield>
   <datafield tag="653" ind2=" " ind1=" ">
      <subfield code="a">Congresses</subfield>
   </datafield>
   <datafield tag="653" ind2=" " ind1=" ">
      <subfield code="a">Positive psychology</subfield>
   </datafield>
   <datafield ind2="0" ind1="0" tag="245">
      <subfield code="a">¿Cómo se siente? Llaves propioceptivas de la inteligencia emocional</subfield>
   </datafield>
</record></metadata></record></GetRecord></OAI-PMH>